[Event "VII. Solinger Karnevalsopen"]
[Site "Solingen"]
[Date "2016.02.05"]
[Round "1.23"]
[White "Ipekyilmaz, Mert"]
[Black "Wolff, Michael"]
[Result "0-1"]
[WhiteElo "1471"]
[BlackElo "1970"]
[PlyCount "142"]
[EventDate "2016.??.??"]
[WhiteTeam "Langenfelder SF"]
[BlackTeam "Ford SF Köln"]

1. e4 c5 2. d4 cxd4 3. c3 Nf6 4. e5 Nd5 5. cxd4 e6 6. Nf3 Nc6 7. Bg5 Be7 8.
Bxe7 Qxe7 9. Be2 O-O 10. O-O d6 11. Nbd2 dxe5 12. dxe5 Rd8 13. Qb3 Nf4 14. Rfe1
Rxd2 15. Nxd2 Nd4 16. Qc4 Nfxe2+ 17. Rxe2 Nxe2+ 18. Qxe2 Bd7 19. Rc1 Bc6 20.
Ne4 Rd8 21. Ng3 Qd7 22. h3 Qd5 23. f3 Qxa2 24. Rd1 Rxd1+ 25. Qxd1 Qd5 26. Qxd5
Bxd5 27. Ne2 Kf8 28. Nc3 Bc6 29. b4 a6 30. h4 f6 31. f4 fxe5 32. fxe5 h5 33.
Ne2 Ke7 34. Nf4 Be8 35. Kf2 Kd7 36. Ke3 Bf7 37. Kd4 Kc6 38. g3 Kb5 39. Kc3 b6
40. Ne2 Kc6 41. Kc4 b5+ 42. Kd4 Kb6 43. Kc3 a5 44. bxa5+ Kxa5 45. Kb3 Kb6 46.
Kb4 Kc6 47. Nf4 {(=)} g6 48. Nd3 Kd5 49. Kxb5 Kd4 50. Nf4 Kxe5 51. Kc6 Kf5 52.
Kd6 e5 53. Nd3 e4 54. Nf4 e3 55. Kc5 Ke4 56. Kb4 Kf3 57. Kc3 Kxg3 58. Ne2+ Kf2
59. Kd3 Bc4+ 60. Kxc4 Kxe2 61. Kd4 Kf3 62. Kd3 e2 63. Kd4 e1=Q 64. Kd5 Kg4 65.
Kd4 Kxh4 66. Kd3 g5 67. Kd4 g4 68. Kd3 g3 69. Kd4 g2 70. Kd3 g1=Q 71. Kc4 Qd1
0-1

[Event "VII. Solinger Karnevalsopen"]
[Site "Solingen"]
[Date "2016.02.05"]
[Round "1.24"]
[White "Borchert, Stephan"]
[Black "Schmuck, Markus"]
[Result "1-0"]
[WhiteElo "1956"]
[BlackElo "1931"]
[PlyCount "45"]
[EventDate "2016.??.??"]
[WhiteTeam "SG Solingen"]
[BlackTeam "vereinslos"]

1. e4 d6 2. d4 e5 3. Nf3 exd4 4. Nxd4 h6 5. Be2 Nf6 6. Bf3 Nbd7 7. O-O Ne5 8.
Nc3 Nxf3+ 9. Qxf3 Bg4 10. Qd3 Qd7 11. Be3 Be7 12. f3 Bh5 13. Nf5 Rg8 14. Rad1
a6 15. Qd4 Bg6 16. Ng3 Nh5 17. Nge2 Bf6 18. Qb4 O-O-O 19. Nd5 Bg5 20. Bb6 Nf6
21. Nxc7 Be3+ 22. Bxe3 Qxc7 23. Bb6 1-0

[Event "VII. Solinger Karnevalsopen"]
[Site "Solingen"]
[Date "2016.02.05"]
[Round "1.25"]
[White "Erkay, Ali"]
[Black "Gutt, Stefan"]
[Result "1-0"]
[WhiteElo "1916"]
[BlackElo "1950"]
[PlyCount "35"]
[EventDate "2016.??.??"]
[WhiteTeam "SG Solingen"]
[BlackTeam "Bergische SF"]

1. d4 Nf6 2. c4 e6 3. g3 d5 4. Bg2 Be7 5. Nf3 O-O 6. O-O dxc4 7. Ne5 c5 8. Na3
cxd4 9. Naxc4 Nbd7 10. Qxd4 Nxe5 11. Qxe5 Nd7 12. Qh5 Qc7 13. b3 Bf6 14. Rb1 g6
15. Qf3 Bg7 16. Ba3 Rd8 17. Bd6 Qc6 18. Qxc6 1-0

[Event "VII. Solinger Karnevalsopen"]
[Site "Solingen"]
[Date "2016.02.05"]
[Round "1.26"]
[White "Rosenauer, Horst"]
[Black "Gawlick, Joachim"]
[Result "1/2-1/2"]
[WhiteElo "1948"]
[BlackElo "1824"]
[PlyCount "198"]
[EventDate "2016.??.??"]
[WhiteTeam "Bergische SF"]
[BlackTeam "SC Gerthe - Werne"]

1. e4 c6 2. d4 d5 3. Nc3 dxe4 4. Nxe4 Nd7 5. Bc4 e6 6. Qe2 Nb6 7. Nf3 Nxc4 8.
Qxc4 Be7 9. O-O Nf6 10. Nxf6+ Bxf6 11. Ne5 O-O 12. Be3 Qd5 13. Qc3 Rd8 14. f4
Bd7 15. Rf3 Rac8 16. b4 c5 17. bxc5 b6 18. Qd3 bxc5 19. dxc5 Bc6 20. Qc3 Qe4
21. Re1 Qa4 22. Rf2 Bh4 23. g3 Bf6 24. Qc4 Qa5 25. c3 Bxe5 {(=)} 26. fxe5 Qc7
27. Qf4 Bb7 28. h4 Rd3 29. Bd4 Rf8 30. h5 Qc6 31. Kh2 h6 32. g4 Rf3 33. Rxf3
Qxf3 34. Qxf3 Bxf3 35. Kg3 Bd5 36. Re2 Rb8 37. c6 Bxc6 38. Bxa7 Ra8 39. Bc5 Bd5
40. a3 Ra4 41. Bb4 Ra7 42. Rc2 Bb3 43. Rb2 Bc4 44. Rd2 Bb3 45. Rd8+ Kh7 46. Rc8
Rd7 47. Bd6 f6 48. Rc7 Rxc7 49. Bxc7 Kg8 50. Kf4 Kf7 51. Bd6 fxe5+ 52. Kxe5 g6
53. hxg6+ Kxg6 54. Kf4 Kf7 55. Bb4 Kg6 56. Bd6 Kf7 57. Kg3 Kg6 58. Bf4 h5 59.
gxh5+ Kxh5 60. Kf3 Kg6 61. Ke4 Kf7 62. Bg5 Ke8 63. Kd4 Kd7 64. Kc5 Kc7 65. Bf4+
Kb7 66. Kb4 Bc2 67. c4 Bd3 68. c5 Kc6 69. a4 Ba6 70. Be5 Bd3 71. Bd6 Ba6 72.
Kc3 Be2 73. Kd4 Ba6 74. Ke5 Bc8 75. Be7 Bd7 76. Kd4 Bc8 77. Bd8 Ba6 78. Bb6 Bc8
79. Ke5 Kd7 80. Ba5 Ba6 81. Bb4 Bb7 82. Ba3 Ba6 83. Kd4 Kc6 84. Bb4 Bc8 85. Ba3
Ba6 86. Ke5 Kd7 87. Bb4 Bc8 88. Ba3 Bb7 89. Bc1 Bc6 90. a5 Bb5 91. Bd2 Ba6 92.
Be3 Bb5 93. Bh6 Ba6 94. Bf8 Bb5 95. Bd6 Ba6 96. Bb8 Kc6 97. Ba7 Kd7 98. Bb6 Bc4
99. Kd4 Ba6 1/2-1/2

[Event "VII. Solinger Karnevalsopen"]
[Site "Solingen"]
[Date "2016.02.05"]
[Round "1.27"]
[White "Rahimi, Rozafa"]
[Black "Vranidis, Athanassios"]
[Result "1-0"]
[WhiteElo "1632"]
[BlackElo "1945"]
[PlyCount "45"]
[EventDate "2016.??.??"]
[WhiteTeam "Hellertaler SF"]
[BlackTeam "SG Solingen"]

1. d4 Nf6 2. Bf4 d5 3. Nf3 e6 4. e3 Be7 5. Bd3 O-O 6. Nbd2 c5 7. c3 Nbd7 8. Rc1
b6 9. Bb1 Bb7 10. Ne5 Nxe5 11. dxe5 Nd7 12. Qg4 Kh8 13. Qh3 g6 14. Bh6 Re8 15.
f4 Bf8 16. Nf3 Bxh6 17. Qxh6 Qe7 18. h4 Nf8 19. h5 Red8 20. Ng5 Kg8 21. Nxh7
Nxh7 22. hxg6 fxg6 23. Qxg6+ 1-0

[Event "VII. Solinger Karnevalsopen"]
[Site "Solingen"]
[Date "2016.02.05"]
[Round "1.28"]
[White "Raygrotzki, Norbert"]
[Black "Schulten, Sandro"]
[Result "1/2-1/2"]
[WhiteElo "1925"]
[BlackElo "1530"]
[PlyCount "103"]
[EventDate "2016.??.??"]
[WhiteTeam "SV Dinslaken"]
[BlackTeam "BW Concordia Viersen"]

1. c4 c6 2. Nf3 Nf6 3. d4 d5 4. Qc2 dxc4 5. Qxc4 Bf5 6. Nc3 e6 7. g3 Be7 8. Bg2
O-O 9. O-O h6 10. Rd1 Nbd7 11. Ne1 Rc8 12. e4 Bg6 13. a3 Nb6 14. Qb3 Rc7 15.
Nd3 Bh7 16. Ne5 Nfd7 17. Be3 Qc8 18. Nxd7 Rxd7 19. d5 exd5 20. Bxb6 axb6 21.
exd5 Bf5 22. dxc6 bxc6 23. Qxb6 Rb7 24. Qxc6 Qxc6 25. Bxc6 Rxb2 26. Rd5 Be6 27.
Rb5 Rc2 28. Nd5 Bxd5 29. Bxd5 Rfc8 30. Rb7 Rc1+ 31. Rxc1 Rxc1+ 32. Kg2 Bxa3 33.
Rxf7 Kh8 34. h4 Rc8 35. f4 Rf8 36. Ra7 Bc5 37. Rc7 Bd4 38. Be4 Bf6 39. Kh3 Re8
40. Bg6 Rb8 41. Kg4 Kg8 42. h5 Rd8 43. Kf5 Rf8 44. Ke6 Kh8 45. Bf7 Kh7 46. g4
Kh8 47. Kf5 Ra8 48. Kg6 Rb8 49. g5 hxg5 50. fxg5 Bd8 51. Rc6 Rb5 52. Be6
1/2-1/2

[Event "VII. Solinger Karnevalsopen"]
[Site "Solingen"]
[Date "2016.02.05"]
[Round "1.29"]
[White "Zimdars, Wolfgang"]
[Black "Barisch, Florian"]
[Result "0-1"]
[WhiteElo "1528"]
[BlackElo "1911"]
[PlyCount "86"]
[EventDate "2016.??.??"]
[WhiteTeam "SG Solingen"]
[BlackTeam "SV Alsfeld"]

1. d4 Nf6 2. c4 g6 3. Nc3 Bg7 4. e4 d6 5. Nf3 O-O 6. Be2 Nbd7 7. O-O e5 8. d5
Nc5 9. Qc2 a5 10. Nd2 Ne8 11. Nb3 b6 12. Nxc5 bxc5 13. Be3 f5 14. f3 f4 15. Bf2
g5 16. a3 Rf6 17. Rfb1 Bd7 18. Nb5 a4 19. b4 axb3 20. Rxb3 Rh6 21. Qb2 Qe7 22.
Nc3 Qf7 23. g4 fxg3 24. Bxg3 Qh5 25. Rf1 Bf6 26. f4 g4 27. f5 Bg5 28. Bd1 Be3+
29. Kh1 Bd4 30. Qd2 Nf6 31. Re1 Kf7 32. Nb5 Bxb5 33. Rxb5 Rxa3 34. Rb3 Ra7 35.
Qc2 Qg5 36. Rb1 Rh3 37. Qg2 h5 38. Re2 Ra3 39. Rb3 Ra1 40. Re1 Qc1 41. Rd3 h4
42. Bf2 Rxd3 43. Bxg4 Qxe1+ 0-1

[Event "VII. Solinger Karnevalsopen"]
[Site "Solingen"]
[Date "2016.02.05"]
[Round "1.30"]
[White "Alexopoulos, Dr. Spiros"]
[Black "Best, Florian"]
[Result "1/2-1/2"]
[WhiteElo "1910"]
[BlackElo "1501"]
[PlyCount "85"]
[EventDate "2016.??.??"]
[WhiteTeam "Aachener SV"]
[BlackTeam "SF Hillscheid"]

1. c4 e6 2. g3 Nf6 3. Bg2 d5 4. Nf3 b6 5. O-O Bb7 6. b3 Be7 7. Bb2 O-O 8. d3 c5
9. Nbd2 Nc6 10. e4 d4 11. e5 Nd7 12. Qe2 Qc7 13. Rae1 Rab8 14. a3 a5 15. Bc1
Rfe8 16. Ne4 Ncxe5 17. Nxe5 Nxe5 18. Bf4 f6 19. Bh3 Bd6 20. Nxd6 Qxd6 21. Bxe5
fxe5 22. Qxe5 Qxe5 23. Rxe5 Kf7 24. Rfe1 Bc8 25. f4 g6 26. f5 Rb7 27. fxe6+ Kf6
28. Rd5 Bxe6 29. Rd6 Rbe7 30. Rxb6 Kf7 31. Rexe6 Rxe6 32. Bxe6+ Rxe6 33. Rxe6
Kxe6 34. Kf2 Kf5 35. Kf3 h5 36. h3 g5 37. g4+ hxg4+ 38. hxg4+ Ke5 39. Kg3 Ke6
40. Kf3 Ke5 41. Kg3 Kd6 42. Kf2 Ke6 43. Kf3 1/2-1/2

[Event "VII. Solinger Karnevalsopen"]
[Site "Solingen"]
[Date "2016.02.05"]
[Round "1.31"]
[White "Beißel, Daniel"]
[Black "Bigott, Martin"]
[Result "0-1"]
[WhiteElo "1499"]
[BlackElo "1908"]
[PlyCount "82"]
[EventDate "2016.??.??"]
[WhiteTeam "SV Horrem"]
[BlackTeam "SF Lohmar"]

1. d4 Nf6 2. Nd2 d5 3. e3 g6 4. Ngf3 Bg7 5. Bd3 Nbd7 6. O-O O-O 7. c3 b6 8. Re1
Bb7 9. e4 dxe4 10. Nxe4 c5 11. Bg5 cxd4 12. Nxd4 Nxe4 13. Bxe4 Bxe4 14. Rxe4
Nf6 15. Bxf6 Bxf6 16. Qe2 Qd5 17. f4 e6 18. a3 Rfd8 19. Rd1 Rd7 20. Kf2 Rad8
21. Rd2 Qc5 22. Qe3 Kg7 23. g4 h6 24. b4 Bxd4 25. Rexd4 Qe7 26. Rxd7 Rxd7 27.
Rxd7 Qxd7 28. Qd4+ Qxd4+ 29. cxd4 Kf8 30. h4 Ke7 31. Ke3 Kd6 32. a4 Kd5 33. Kd3
f6 34. a5 b5 35. g5 fxg5 36. fxg5 hxg5 37. hxg5 a6 38. Ke3 Kc4 39. Ke4 Kxb4 40.
Ke5 Kc4 41. Kxe6 Kxd4 0-1

[Event "VII. Solinger Karnevalsopen"]
[Site "Solingen"]
[Date "2016.02.05"]
[Round "1.32"]
[White "Boschek, Dr. Hans-Joachim"]
[Black "Fodor, Bernhard"]
[Result "1-0"]
[WhiteElo "1896"]
[BlackElo "1315"]
[PlyCount "41"]
[EventDate "2016.??.??"]
[WhiteTeam "SG Solingen"]
[BlackTeam "SG Solingen"]

1. d4 d5 2. Nf3 Nf6 3. g3 e6 4. Bg2 c5 5. c3 a6 6. O-O Nc6 7. Bg5 Qb6 8. dxc5
Qxb2 9. Nbd2 Bxc5 10. Bxf6 gxf6 11. e4 b5 12. exd5 exd5 13. Nb3 Ne7 14. Nxc5
Bg4 15. Qd4 Rg8 16. Rfe1 Rd8 17. Qxf6 Be6 18. Nxe6 fxe6 19. Qxe6 Rg7 20. Nd4
Qxc3 21. Nf5 1-0

[Event "VII. Solinger Karnevalsopen"]
[Site "Solingen"]
[Date "2016.02.05"]
[Round "1.33"]
[White "Kuckert, Kai"]
[Black "Meißner, Michael"]
[Result "0-1"]
[WhiteElo "1241"]
[BlackElo "1882"]
[PlyCount "34"]
[EventDate "2016.??.??"]
[WhiteTeam "Fideler Bauer Leverkusen"]
[BlackTeam "Oberbilker SV"]

1. e4 e5 2. Nf3 Nc6 3. d4 exd4 4. Nxd4 Bc5 5. Nxc6 Qf6 6. Qf3 Qxf3 7. gxf3 bxc6
8. Nc3 Rb8 9. Bc4 Ne7 10. b3 O-O 11. Be3 Bb4 12. Bd2 d5 13. exd5 cxd5 14. Nxd5
Bxd2+ 15. Kxd2 Nxd5 16. Bxd5 Rd8 17. c4 c6 0-1

[Event "VII. Solinger Karnevalsopen"]
[Site "Solingen"]
[Date "2016.02.05"]
[Round "1.34"]
[White "Bießner, Eberhard"]
[Black "Lenarth, Markus"]
[Result "1-0"]
[WhiteElo "1862"]
[BlackElo "947"]
[PlyCount "27"]
[EventDate "2016.??.??"]
[WhiteTeam "Rheydter SV"]
[BlackTeam "Fideler Bauer Leverkusen"]

1. e4 e5 2. Nf3 Nc6 3. Bc4 Bc5 4. c3 Nh6 5. d4 exd4 6. cxd4 Bb4+ 7. Nc3 f5 8.
e5 d5 9. Bb5 Bd7 10. Qb3 Bxc3+ 11. bxc3 Na5 12. Qb4 b6 13. Be2 Nb7 14. Bg5 1-0

[Event "VII. Solinger Karnevalsopen"]
[Site "Solingen"]
[Date "2016.02.05"]
[Round "1.37"]
[White "Coenen, Siegfried"]
[Black "Hufnagel, Markus"]
[Result "1-0"]
[WhiteElo "2073"]
[BlackElo "1693"]
[PlyCount "143"]
[EventDate "2016.??.??"]
[WhiteTeam "SG Hochneukirch"]
[BlackTeam "SW Oberhausen"]

1. e4 c5 2. Nf3 Nc6 3. c3 d5 4. exd5 Qxd5 5. Be2 Nf6 6. O-O Bf5 7. Na3 e6 8.
Nc4 Be7 9. Ne3 Qd7 10. Nxf5 exf5 11. Bb5 O-O 12. Ne5 Qc7 13. Nxc6 bxc6 14. Ba4
Rad8 15. Qf3 Ng4 16. g3 Ne5 17. Qxf5 g6 18. Qe4 f5 19. Qe2 Bf6 20. f4 Nd3 21.
Qe6+ Kg7 22. Qxc6 Qxc6 23. Bxc6 Nxc1 24. Raxc1 Rxd2 25. Rf2 Rfd8 26. Rc2 R2d6
27. Bf3 Ra6 28. a3 Rdd6 29. Rfd2 Rab6 30. Rxd6 Rxd6 31. Kf1 Kf7 32. Re2 Be7 33.
Ke1 Kf8 34. Re5 Rb6 35. b4 c4 36. Kd2 Ra6 37. Ra5 Rxa5 38. bxa5 Bxa3 39. Bd5
Bc5 40. Bxc4 Bg1 41. Ke2 Ke7 42. Kf1 Be3 43. Ke2 Bg1 44. Kf3 Kf6 45. Bd5 Bc5
46. h3 h6 47. Ke2 Ba3 48. Kd3 Bc5 49. g4 Bd6 50. Ke3 Bc7 51. a6 Bb6+ 52. Kd3
Bc7 53. Ke3 Bb6+ 54. Kf3 Bc7 55. c4 Bb6 56. Bg8 Kg7 57. Be6 Kf6 58. Bc8 Bc5 59.
h4 fxg4+ 60. Bxg4 Be7 61. Ke4 Kf7 62. Kd5 Ke8 63. h5 gxh5 64. Bxh5+ Kd8 65. c5
Kc7 66. f5 Bf8 67. f6 Kb8 68. Kc6 Kc8 69. Bg4+ Kd8 70. f7 Ke7 71. Kb7 Kd8 72.
c6 1-0

[Event "VII. Solinger Karnevalsopen"]
[Site "Solingen"]
[Date "2016.02.06"]
[Round "2.1"]
[White "Speck, Stefan"]
[Black "Wegerle, Jörg"]
[Result "0-1"]
[WhiteElo "1984"]
[BlackElo "2440"]
[PlyCount "120"]
[EventDate "2016.??.??"]
[WhiteTeam "SC Solingen 28"]
[BlackTeam "SG Solingen"]

1. e4 c5 2. c3 Nf6 3. e5 Nd5 4. d4 cxd4 5. Nf3 e6 6. cxd4 b6 7. Nc3 Bb7 8. Bd3
Nxc3 9. bxc3 Be7 10. O-O Nc6 11. Nd2 d6 12. f4 dxe5 13. fxe5 Nxe5 14. Bb5+ Nd7
15. Qa4 a6 16. Bxd7+ Qxd7 17. Qxd7+ Kxd7 18. Rxf7 Rac8 19. Ba3 Rhe8 20. c4 Kd8
21. Bxe7+ Rxe7 22. Rxe7 Kxe7 23. Rb1 b5 24. Rb2 Bc6 25. cxb5 Bxb5 26. Nf3 Rc4
27. Kf2 Kd6 28. Ke3 Kd5 29. Rd2 Ra4 30. Ne5 g5 31. Ng4 Ra3+ 32. Kf2 Bd3 33.
Ne3+ Ke4 34. g3 a5 35. h4 gxh4 36. gxh4 h5 37. Nf1 Kf4 38. Ne3 Be4 39. Nc4 Rg3
40. Ke2 a4 41. Nb6 Rh3 42. Nxa4 Bf3+ 43. Kf2 Rh2+ 44. Ke1 Rxh4 45. Rf2 Ke3 46.
Nb2 Rxd4 47. Rd2 Rh4 48. Rd3+ Kf4 49. Rd6 Bd5 50. a4 Rh2 51. Rb6 Ke3 52. Nd1+
Kd3 53. Nf2+ Ke3 54. Nd1+ Kd4 55. Rb4+ Kc5 56. Rb5+ Kc6 57. Rb8 Rh1+ 58. Kd2 h4
59. Ne3 Ra1 60. Nxd5 exd5 0-1

[Event "VII. Solinger Karnevalsopen"]
[Site "Solingen"]
[Date "2016.02.06"]
[Round "2.2"]
[White "Coenen, Michael"]
[Black "Kühn, Patrick"]
[Result "1-0"]
[WhiteElo "2418"]
[BlackElo "1983"]
[PlyCount "77"]
[EventDate "2016.??.??"]
[WhiteTeam "Düsseldorfer SK"]
[BlackTeam "SG Hochneukirch"]

1. c4 Nf6 2. g3 g6 3. Bg2 Bg7 4. Nc3 O-O 5. d3 d6 6. Rb1 a5 7. a3 Nc6 8. b4
axb4 9. axb4 e5 10. b5 Nd4 11. e3 Nf5 12. Nge2 Rb8 13. O-O Be6 14. Qb3 Ne7 15.
Ba3 Qc8 16. d4 exd4 17. exd4 Re8 18. Rfe1 Nf5 19. Rbd1 h5 20. Bb2 h4 21. Nf4
hxg3 22. hxg3 g5 23. Nxe6 fxe6 24. Ne4 Nxe4 25. Bxe4 Qd7 26. Qf3 Rf8 27. Qg4
Qe7 28. Bc1 Nh6 29. Qe2 Qf6 30. Rd3 g4 31. Bxh6 Qxh6 32. Qxg4 Rf6 33. Rf3 Rbf8
34. Kg2 Qd2 35. Rxf6 Rxf6 36. Re2 Qc1 37. Bxb7 Qxc4 38. Bc8 Qd5+ 39. Kg1 1-0

[Event "VII. Solinger Karnevalsopen"]
[Site "Solingen"]
[Date "2016.02.06"]
[Round "2.3"]
[White "Marcziter, Dr. Dmitrii"]
[Black "Sherif, Amina"]
[Result "1/2-1/2"]
[WhiteElo "2311"]
[BlackElo "1982"]
[PlyCount "116"]
[EventDate "2016.??.??"]
[WhiteTeam "DJK Aufwärts Aachen"]
[BlackTeam "SG Solingen"]

1. d4 d6 2. Nf3 g6 3. c4 Bg7 4. g3 e5 5. Bg5 Ne7 6. Nc3 h6 7. Bc1 O-O 8. Bg2
Nbc6 9. d5 Nb8 10. O-O f5 11. Ne1 f4 12. e4 g5 13. g4 Nd7 14. f3 Nf6 15. Nd3 a6
16. Bd2 Qe8 17. c5 Qg6 18. Qb3 h5 19. h3 Qh6 20. Nf2 Ng6 21. Na4 Bd7 22. c6 b5
23. cxd7 bxa4 24. Qxa4 Rad8 25. Rfc1 Rxd7 26. Qxa6 hxg4 27. hxg4 Bh8 28. Kf1
Qh2 29. Ke2 Nh4 30. Bh1 Rg7 31. Qd3 Nxg4 32. fxg4 f3+ 33. Kf1 Ng2 34. a4 Rh7
35. a5 Qg3 36. Be3 Nxe3+ 37. Qxe3 Rxh1+ 38. Nxh1 Qg2+ 39. Ke1 Qxh1+ 40. Kd2
Qg2+ 41. Kc3 f2 42. Qxg5+ Bg7 43. Kb3 f1=Q 44. Rxf1 Rxf1 45. Rxf1 Qxf1 46. Qd8+
Kh7 47. Qxc7 Qd3+ 48. Ka2 Qxe4 49. Qxd6 Qc4+ 50. b3 Qc2+ 51. Ka3 e4 52. Qe7
Qb2+ 53. Ka4 Qd4+ 54. b4 Qxd5 55. a6 Qa2+ 56. Kb5 Qd5+ 57. Kb6 Kg6 58. Qe8+ Kh7
1/2-1/2

[Event "VII. Solinger Karnevalsopen"]
[Site "Solingen"]
[Date "2016.02.06"]
[Round "2.4"]
[White "Michalczak, Thomas"]
[Black "Wolff, Michael"]
[Result "1-0"]
[WhiteElo "2248"]
[BlackElo "1970"]
[PlyCount "115"]
[EventDate "2016.??.??"]
[WhiteTeam "SG Solingen"]
[BlackTeam "Ford SF Köln"]

1. e4 c5 2. Nf3 Nc6 3. d4 cxd4 4. Nxd4 Nf6 5. Nc3 e5 6. Ndb5 d6 7. Bg5 a6 8.
Na3 b5 9. Nd5 Be7 10. Bxf6 Bxf6 11. c3 O-O 12. Nc2 Bg5 13. a4 bxa4 14. Rxa4 a5
15. Bc4 Rb8 16. b3 Kh8 17. Nce3 Bxe3 18. Nxe3 Ne7 19. O-O Bb7 20. Qd3 Bc6 21.
Ra2 f5 22. Rd1 f4 23. Nf1 Rf6 24. Nd2 Rg6 25. Nf3 Qc8 26. h3 Qb7 27. Re2 h6 28.
Kh2 Rf6 29. h4 Bb5 30. Ra2 Bxc4 31. bxc4 Qb6 32. Kg1 Nc6 33. Raa1 Qc5 34. Rab1
Rff8 35. Rb5 Qa7 36. Ra1 a4 37. Qxd6 Rfc8 38. Nxe5 Nxe5 39. Qxe5 Rxb5 40. cxb5
Ra8 41. Qxf4 Qc5 42. c4 Qxc4 43. b6 Qd4 44. Rb1 Qd3 45. Rc1 Qb5 46. Qc7 a3 47.
b7 Rg8 48. Qf7 a2 49. Qxa2 Qxb7 50. Qe6 Qb2 51. Rc8 Rxc8 52. Qxc8+ Kh7 53. Qf5+
Kg8 54. g3 Qb1+ 55. Kg2 Qc2 56. Qd5+ Kf8 57. e5 Qf5 58. Qf3 1-0

[Event "VII. Solinger Karnevalsopen"]
[Site "Solingen"]
[Date "2016.02.06"]
[Round "2.6"]
[White "Terhuven, Patrick"]
[Black "Borchert, Stephan"]
[Result "0-1"]
[WhiteElo "2163"]
[BlackElo "1956"]
[PlyCount "52"]
[EventDate "2016.??.??"]
[WhiteTeam "Krefelder SK Turm"]
[BlackTeam "SG Solingen"]

1. d4 Nf6 2. Nf3 e6 3. e3 b6 4. Bd3 Bb7 5. O-O d5 6. Nbd2 Be7 7. Ne5 c5 8. b3
Nc6 9. Bb2 cxd4 10. exd4 O-O 11. f4 Nb4 12. Be2 Ne4 13. Nxe4 dxe4 14. c4 f6 15.
Ng4 Nc6 16. Ne3 e5 17. d5 Bc5 18. Qd2 f5 19. Kh1 exf4 20. Rxf4 Qg5 21. Raf1 Ne7
22. Qc3 Bd6 23. Nxf5 Bxf4 24. h4 Nxf5 25. hxg5 Ng3+ 26. Kh2 Nxe2+ 0-1

[Event "VII. Solinger Karnevalsopen"]
[Site "Solingen"]
[Date "2016.02.06"]
[Round "2.7"]
[White "Bigott, Martin"]
[Black "Lenhardt, Manfred"]
[Result "0-1"]
[WhiteElo "1908"]
[BlackElo "2136"]
[PlyCount "70"]
[EventDate "2016.??.??"]
[WhiteTeam "SF Lohmar"]
[BlackTeam "SC Weisse Dame (Berlin)"]

1. d4 Nf6 2. c4 e6 3. Nc3 d5 4. cxd5 exd5 5. Bg5 Be7 6. e3 O-O 7. Bd3 Nbd7 8.
Nge2 Re8 9. O-O Nf8 10. Qc2 Ng6 11. Nf4 c6 12. a3 Bd6 13. Nxg6 hxg6 14. Bf4
Bxf4 15. exf4 Nh5 16. g3 Qf6 17. Rfd1 Bg4 18. Be2 Bxe2 19. Nxe2 Re4 20. Rd2
Rae8 21. Rad1 g5 22. fxg5 Qxg5 23. Kf1 f5 24. f4 Qg4 25. Ng1 g5 26. fxg5 f4 27.
gxf4 Rxf4+ 28. Rf2 Rxf2+ 29. Kxf2 Qxg5 30. Qd3 Qh4+ 31. Kf1 Rf8+ 32. Nf3 Qh3+
33. Kf2 Qxh2+ 34. Ke3 Rxf3+ 35. Kxf3 Qg3+ 0-1

[Event "VII. Solinger Karnevalsopen"]
[Site "Solingen"]
[Date "2016.02.06"]
[Round "2.8"]
[White "Zolfagharian, Kevin"]
[Black "Boschek, Dr. Hans-Joachim"]
[Result "0-1"]
[WhiteElo "2129"]
[BlackElo "1896"]
[PlyCount "66"]
[EventDate "2016.??.??"]
[WhiteTeam "SG Solingen"]
[BlackTeam "SG Solingen"]

1. e4 c5 2. Nf3 e6 3. d4 cxd4 4. Nxd4 a6 5. Nc3 Qc7 6. Be3 Nf6 7. f3 Bb4 8. Qd2
d5 9. Bg5 Nbd7 10. a3 Bxc3 11. bxc3 dxe4 12. Be2 b5 13. O-O e3 14. Qxe3 O-O 15.
Bd3 Nd5 16. Nxe6 Qd6 17. Qe4 f5 18. Qe1 Re8 19. Bxf5 Nf8 20. Rd1 Bxe6 21. Be4
Rac8 22. Kh1 Qc5 23. c4 Qxc4 24. Bd3 Qc5 25. Rd2 Bf7 26. Qg3 Bg6 27. Rfd1 Ne3
28. Bxe3 Rxe3 29. Bf1 Rce8 30. c4 bxc4 31. Rd5 Qc8 32. Qh4 Bd3 33. Qd4 Re1 0-1

[Event "VII. Solinger Karnevalsopen"]
[Site "Solingen"]
[Date "2016.02.06"]
[Round "2.9"]
[White "Krüger, Andre"]
[Black "Bießner, Eberhard"]
[Result "1-0"]
[WhiteElo "2103"]
[BlackElo "1862"]
[PlyCount "87"]
[EventDate "2016.??.??"]
[WhiteTeam "SV Mülheim-Nord"]
[BlackTeam "Rheydter SV"]

1. Nf3 Nf6 2. d4 d5 3. c4 c6 4. e3 Bf5 5. Nc3 e6 6. Nh4 Bg6 7. Nxg6 hxg6 8. g3
Nbd7 9. Bg2 dxc4 10. Qe2 Nb6 11. O-O Be7 12. Nb1 Qd7 13. Nd2 Nfd5 14. Nxc4 Nxc4
15. Qxc4 Nb6 16. Qb3 O-O 17. a4 Nc8 18. e4 Rd8 19. Be3 Bd6 20. a5 a6 21. d5
exd5 22. exd5 Ne7 23. Rfd1 cxd5 24. Bxd5 Nxd5 25. Qxd5 Qg4 26. Qxb7 Be5 27.
Rxd8+ Rxd8 28. Qxa6 Bxb2 29. Qb6 Rd1+ 30. Rxd1 Qxd1+ 31. Kg2 Qd5+ 32. f3 Qa2
33. Bf2 Bc3 34. a6 Be1 35. a7 Bxf2 36. Qxf2 Qa6 37. g4 f5 38. Qe3 Kh7 39. Kg3
Qb7 40. Qa3 Qa8 41. gxf5 gxf5 42. Qc5 g6 43. Qc7+ Kh6 44. Qb8 1-0

[Event "VII. Solinger Karnevalsopen"]
[Site "Solingen"]
[Date "2016.02.06"]
[Round "2.10"]
[White "Flesch, Dr. Stefan"]
[Black "Kissing, Bastian"]
[Result "1/2-1/2"]
[WhiteElo "2075"]
[BlackElo "1854"]
[PlyCount "59"]
[EventDate "2016.??.??"]
[WhiteTeam "SG Solingen"]
[BlackTeam "SC Tornado Wuppertal"]

1. d4 Nf6 2. c4 e6 3. Nc3 Bb4 4. Bd2 O-O 5. e3 d5 6. Nf3 b6 7. Be2 Bb7 8. O-O
c5 9. cxd5 Bxc3 10. Bxc3 exd5 11. dxc5 bxc5 12. b4 Ne4 13. Bb2 cxb4 14. Qd4 Nc3
15. Bxc3 bxc3 16. Qxc3 Nd7 17. Rab1 Bc8 18. a4 Nf6 19. Rbc1 Be6 20. Qd4 Qb6 21.
Rb1 Qxd4 22. Nxd4 Ne4 23. Rfc1 Rfc8 24. Ba6 Rxc1+ 25. Rxc1 Rb8 26. f3 Nd6 27.
Rc7 h5 28. h4 Rb4 29. Bb5 a6 30. Bxa6 1/2-1/2

[Event "VII. Solinger Karnevalsopen"]
[Site "Solingen"]
[Date "2016.02.06"]
[Round "2.11"]
[White "König, Falk"]
[Black "Erkay, Ali"]
[Result "1-0"]
[WhiteElo "2066"]
[BlackElo "1916"]
[PlyCount "147"]
[EventDate "2016.??.??"]
[WhiteTeam "SF Vonkeln"]
[BlackTeam "SG Solingen"]

1. d4 Nf6 2. c4 e6 3. Nc3 Bb4 4. a3 Bxc3+ 5. bxc3 c5 6. f3 d6 7. e4 e5 8. Be3
Qe7 9. Bd3 O-O 10. d5 Nh5 11. g3 Na6 12. Qd2 g6 13. Bh6 Ng7 14. Bxg7 Kxg7 15.
h4 h6 16. g4 Bd7 17. Ne2 Nc7 18. Ng3 Rh8 19. Kf2 b6 20. Rag1 Rag8 21. Rh2 Kf8
22. Nf1 Ne8 23. Ne3 Qf6 24. Rhh1 Qf4 25. Qc2 Nf6 26. Ke2 g5 27. h5 Ne8 28. a4
Qf6 29. Rb1 Nc7 30. a5 Kg7 31. axb6 axb6 32. Rxb6 Ra8 33. Rb7 Rhc8 34. Qb2 Qf4
35. Kf2 Kg8 36. Rb1 Kg7 37. Ra1 Rxa1 38. Qxa1 Qf6 39. Qb2 Qd8 40. Qb6 Ne8 41.
Qxd8 Rxd8 42. Bc2 Kf8 43. Ra7 Ng7 44. Ke2 Ke8 45. Kd2 Rc8 46. Kc1 Rb8 47. Ba4
Bxa4 48. Rxa4 Kf8 49. Ra7 Ke8 50. Kc2 Rd8 51. Kc1 Rb8 52. Nc2 Rd8 53. Na3 Rd7
54. Ra6 Ke7 55. Nb5 Ne8 56. Kb2 Rb7 57. Rc6 Rb8 58. Ra6 Rb7 59. Ka3 Kd7 60. Ka4
Ke7 61. Ka5 Kd7 62. Rc6 Rb8 63. Ra6 Rb7 64. Ra7 Rxa7+ 65. Nxa7 Ng7 66. Nb5 Ne8
67. Na3 Kc7 68. Nc2 Kb7 69. Ne3 Ng7 70. Kb5 Kc7 71. Ka6 Kd7 72. Kb7 Kd8 73. Kc6
Ke7 74. Nf5+ 1-0

[Event "VII. Solinger Karnevalsopen"]
[Site "Solingen"]
[Date "2016.02.06"]
[Round "2.12"]
[White "Ebert, Jürgen"]
[Black "Bondarchuk, Vadim"]
[Result "1-0"]
[WhiteElo "1861"]
[BlackElo "2030"]
[PlyCount "83"]
[EventDate "2016.??.??"]
[WhiteTeam "BW Concordia Viersen"]
[BlackTeam "SG Benrath"]

1. e4 e5 2. Bc4 Nf6 3. d4 Nc6 4. d5 Nb8 5. Bd3 Bb4+ 6. c3 Bc5 7. b4 Bb6 8. Nf3
d6 9. Nbd2 Bg4 10. a4 a5 11. Nc4 Nbd7 12. O-O O-O 13. Be3 Bxe3 14. fxe3 axb4
15. cxb4 Qb8 16. Na5 Qa7 17. Nc4 Nb6 18. Nxb6 Qxb6 19. Qd2 Bxf3 20. gxf3 Kh8
21. a5 Qa7 22. Kh1 Ng8 23. f4 exf4 24. Rxf4 Ne7 25. Raf1 f6 26. Rg1 g5 27. Rf3
Ng6 28. Rgf1 Kg7 29. Bb5 Ne5 30. Rf5 Rad8 31. h3 h6 32. Qf2 c6 33. Rxf6 Qb8 34.
Be2 Qc8 35. Bg4 Nd3 36. Qe2 Qc7 37. Rxf8 Rxf8 38. Rxf8 Kxf8 39. Qxd3 Qf7 40.
Kg2 h5 41. Be6 Qf6 42. Qf1 1-0